Procedimiento recaudatorio municipal / José Muñoz Domínguez
ISBN:
84-7130-394-9
Descripción Física:
XV, 726 p. ; 22 cm
Colección:
Textos legales anotados
Materias:
Impostos locals -- Recaptació -- Espanya
MARC
| LEADER | 00000nam a2200000Ia 4500 | ||
|---|---|---|---|
| 001 | 14118 | ||
| 008 | 160829s9999 xx 000 0 cat d | ||
| 020 | |a 84-7130-394-9 | ||
| 080 | |a M-4-126 | ||
| 100 | |a Muñoz Domínguez, José |9 25181 | ||
| 245 | |a Procedimiento recaudatorio municipal / José Muñoz Domínguez | ||
| 260 | |a Madrid : |b Editorial de Derecho Financiero : |b Editoriales de Derecho Reunidas, DL 1982 | ||
| 300 | |a XV, 726 p. ; |c 22 cm | ||
| 490 | |a Textos legales anotados | ||
| 590 | |a Índexs. | ||
| 590 | |a Conté: Decreto 3154/1968, de 14 de noviembre, por el que se aprueba el Reglamento General de Recaudación | ||
| 650 | |a Impostos locals |x Recaptació |x Espanya |9 25182 | ||
| 901 | |a Arxiu | ||
| 942 | |n 1 | ||
| 952 | |0 0 |1 0 |4 0 |6 M4126 |7 1 |9 43487 |a Arxiu |b Arxiu |d 2016-12-01 |l 0 |o M-4-126 |p 14118 |r 2016-12-01 00:00:00 |w 2016-12-01 |y ARXIU | ||
| 999 | |c 46033 |d 46033 | ||